000 00314nam a2200109Ia 4500
008 220217s9999||||xx |||||||||||||| ||und||
100 _aKrupadanam, David, G.L and Etal.
_95302
245 0 _aAnalytical chemistry
260 _aUnivercity press
_bNew Delhi
_c2001
300 _aX, 216p.
_b200
650 _aCHEMISTRY
999 _c176210
_d176210